Dreams and visions : (Record no. 2805)
[ view plain ]
| 000 -LEADER | |
|---|---|
| fixed length control field | 01301cam a22003134a 4500 |
| 001 - CONTROL NUMBER | |
| control field | 11922231 |
| 003 - CONTROL NUMBER IDENTIFIER | |
| control field | GBCCL |
| 005 - DATE AND TIME OF LATEST TRANSACTION | |
| control field | 20241126110440.0 |
| 008 - FIXED-LENGTH DATA ELEMENTS--GENERAL INFORMATION | |
| fixed length control field | 000225s2000 cau b 000 0 eng |
| 010 ## - | |
| -- | 00027220 |
| 020 ## - INTERNATIONAL STANDARD BOOK NUMBER | |
| International Standard Book Number | 0830725695 |
| 040 ## - CATALOGING SOURCE | |
| Original cataloging agency | DLC |
| Transcribing agency | DLC |
| Modifying agency | DLC |
| 042 ## - | |
| -- | pcc |
| 050 00 - | |
| -- | BR115.D74 |
| -- | H35 2000 |
| 082 00 - DEWEY DECIMAL CLASSIFICATION NUMBER | |
| Classification number | 248.29 |
| Edition information | 21 |
| Item number | HAM |
| 100 1# - MAIN ENTRY--PERSONAL NAME | |
| Personal name | Hamon, Jane, |
| Dates associated with a name | 1961- |
| 9 (RLIN) | 5906 |
| 245 10 - TITLE STATEMENT | |
| Title | Dreams and visions : |
| Remainder of title | understanding your dreams and how God can use them to speak to you today / |
| Statement of responsibility, etc. | Jane Hamon. |
| 260 ## - PUBLICATION, DISTRIBUTION, ETC. | |
| Place of publication, distribution, etc. | Ventura, Calif. : |
| Name of publisher, distributor, etc. | Regal Books, |
| Date of publication, distribution, etc. | c2000. |
| 300 ## - PHYSICAL DESCRIPTION | |
| Extent | 176 p. ; |
| Dimensions | 22 cm. |
| 504 ## - BIBLIOGRAPHY, ETC. NOTE | |
| Bibliography, etc. note | Includes bibliographical references (p. [173]). |
| 650 #0 - SUBJECT ADDED ENTRY--TOPICAL TERM | |
| Topical term or geographic name entry element | Dreams |
| General subdivision | Religious aspects |
| -- | Christianity. |
| 9 (RLIN) | 5907 |
| 650 #0 - SUBJECT ADDED ENTRY--TOPICAL TERM | |
| Topical term or geographic name entry element | Dream interpretation. |
| 9 (RLIN) | 5908 |
| 650 #0 - SUBJECT ADDED ENTRY--TOPICAL TERM | |
| Topical term or geographic name entry element | Visions. |
| 9 (RLIN) | 4413 |
| 856 42 - ELECTRONIC LOCATION AND ACCESS | |
| Materials specified | Contributor biographical information |
| Uniform Resource Identifier | <a href="http://www.loc.gov/catdir/enhancements/fy1013/00027220-b.html">http://www.loc.gov/catdir/enhancements/fy1013/00027220-b.html</a> |
| 856 42 - ELECTRONIC LOCATION AND ACCESS | |
| Materials specified | Publisher description |
| Uniform Resource Identifier | <a href="http://www.loc.gov/catdir/enhancements/fy1109/00027220-d.html">http://www.loc.gov/catdir/enhancements/fy1109/00027220-d.html</a> |
| 906 ## - LOCAL DATA ELEMENT F, LDF (RLIN) | |
| a | 7 |
| b | cbc |
| c | orignew |
| d | 1 |
| e | ocip |
| f | 20 |
| g | y-gencatlg |
| 942 ## - ADDED ENTRY ELEMENTS (KOHA) | |
| Source of classification or shelving scheme | Dewey Decimal Classification |
| Koha item type | Books |
| Koha issues (borrowed), all copies | 5 |
| Withdrawn status | Lost status | Source of classification or shelving scheme | Damaged status | Not for loan | Home library | Current Library | Shelving location | Date acquired | Total checkouts | Full call number | Barcode | Date last seen | Date last checked out | Copy number | Price effective from | Koha item type | Total renewals |
|---|---|---|---|---|---|---|---|---|---|---|---|---|---|---|---|---|---|
| Dewey Decimal Classification | GRACE BIBLE COLLEGE | GRACE BIBLE COLLEGE | Ministry & Mission | 2017-09-21 | 1 | 248.29 HAM | 011505 | 2025-05-01 | 2022-09-05 | c.3 | 2017-09-21 | Books | |||||
| Dewey Decimal Classification | GRACE BIBLE COLLEGE | GRACE BIBLE COLLEGE | Ministry & Mission | 2017-09-21 | 1 | 248.29 HAM | 011503 | 2025-05-01 | 2024-08-26 | c.1 | 2017-09-21 | Books | |||||
| Dewey Decimal Classification | GRACE BIBLE COLLEGE | GRACE BIBLE COLLEGE | Ministry & Mission | 2017-09-21 | 1 | 248.29 HAM | 011504 | 2025-05-01 | 2022-09-02 | c.2 | 2017-09-21 | Books | 1 | ||||
| Dewey Decimal Classification | GRACE BIBLE COLLEGE | GRACE BIBLE COLLEGE | Ministry & Mission | 2017-09-21 | 2 | 248.29 HAM | 011506 | 2025-05-01 | 2022-09-01 | c.4 | 2017-09-21 | Books | 2 |